Normal view
MARC view
- Dr. Mohammad Ali Tahir
Entry Personal Name
001 - CONTROL NUMBER
- control field: 31273
003 - CONTROL NUMBER IDENTIFIER
- control field: NUST
005 - DATE AND TIME OF LATEST TRANSACTION
- control field: 20201005124834.0
008 - FIXED-LENGTH DATA ELEMENTS
- fixed length control field: 201005|| aca||aabn | a|a d
040 ## - CATALOGING SOURCE
- Original cataloging agency: NUST
- Transcribing agency: NUST
100 ## - HEADING--PERSONAL NAME
- Personal name: Dr. Mohammad Ali Tahir
670 ## - SOURCE DATA FOUND
- Source citation: Work cat.: (NUST): Javaid, Muhammad Mudassir ; Akram, Aftab ; Nawaz, Javairia 31271, Automated Telephonic Assistant for Information Access /, 2018.
